000
00267nam a22001097a 4500
003
OSt
005
20260217143454.0
008
210122b ||||| |||| 00| 0 eng d
082
_a
621.902
_b
MAC/MA
245
_a
Machine tool automation by electronic controll
942
_c
BK
999
_c
16868
_d
16868